| 000 | 00687nam a22002417a 4500 | ||
|---|---|---|---|
| 001 | 126988 | ||
| 003 | UA-OsUOA | ||
| 005 | 20220119195245.0 | ||
| 007 | ta | ||
| 008 | 20171114b un ||||| |||| 00| 0 ukr d | ||
| 020 | _a978-966-965-84-11-0 | ||
| 040 |
_aUA-OsUOA _bukr _cUA-OsUOA _dUA-OsUOA |
||
| 041 | _aukr | ||
| 080 | _a929:7 | ||
| 090 |
_a929:7 _bГ18 |
||
| 245 |
_aГамкало Іван-Ярослав Дмитрович _bбіобібліографія |
||
| 260 |
_aК. _c2014 |
||
| 300 | _a200 с. | ||
| 650 | 7 |
_a9 Географія. Біографії. Історія _2UDC |
|
| 942 |
_cBK _2udc |
||
| 955 | _a1 | ||
| 999 |
_c414148 _d414148 |
||